Sea of faith (Record no. 11398)
[ view plain ]
| 000 -LEADER | |
|---|---|
| fixed length control field | 00413 a2200121 4500 |
| 020 ## - INTERNATIONAL STANDARD BOOK NUMBER | |
| International Standard Book Number | 1553651790 |
| 005 - DATE AND TIME OF LATEST TRANSACTION | |
| control field | 20191017174254.0 |
| 084 ## - OTHER CLASSIFICATION NUMBER | |
| Classification number | DE84 .O83 2006 |
| 245 ## - TITLE STATEMENT | |
| Title | Sea of faith |
| Remainder of title | : Islam and Christianity in the medieval Mediterranean world |
| Medium | |
| 260 ## - PUBLICATION, DISTRIBUTION, ETC. | |
| Place of publication, distribution, etc. | bcc |
| Name of publisher, distributor, etc. | Douglas & McIntyre |
| Date of publication, distribution, etc. | c2006 |
| 300 ## - PHYSICAL DESCRIPTION | |
| Extent | xii, 411 p. : ill., maps |
| Other physical details | 24 cm. |
| Dimensions | xii, 411 p. : ill., maps ; 24 cm. |
| 500 ## - GENERAL NOTE | |
| General note | Stephen O'Shea. |
| 700 ## - ADDED ENTRY--PERSONAL NAME | |
| Personal name | O'Shea, Stephen. |
No items available.